000 00307nam a22001337a 4500
008 170607b xxu||||| |||| 00| 0 eng d
020 _a9781405155533
041 _aeng
080 _23 ED
_a327
100 _a18
101 _aSHP
245 _aTHE GLOBALIZATION READER
_cLECHNER.F.J
942 _2udc
_cBK
999 _c16298
_d16298